الإسلام والديمقراطية والعولمة : (Record no. 13918)
[ view plain ]
| 000 -الفاتح | |
|---|---|
| حقل البيانات ثابتة الطول | 01031nam a22001937a 4500 |
| 008 - عناصر البيانات ثابتة الطول - معلومات عامة | |
| حقل البيانات ثابتة الطول | 100420s2006 ua|||||r||| 000 0 arad |
| 082 ## - رقم تصنيف ديوى العشرى | |
| رقم الطبعة | 22 |
| رقم التصنيف | 297.2720962 |
| رقم المادة | ف ت ا |
| 100 ## - المدخل الرئيسى - إسم شخصى | |
| 9 (RLIN) | 13628 |
| الإسم الشخصى | عبد الفتاح، نبيل |
| 245 ## - بيان العنوان | |
| العنوان | الإسلام والديمقراطية والعولمة : |
| بقية العنوان | الحالة المصرية / |
| بيان المسئوليه,etc | نبيل عبد الفتاح |
| 250 ## - بيان الطبعة | |
| بيان الطبعة | ط1 |
| 260 ## - PUBLICATION, DISTRIBUTION, ETC. (IMPRINT) | |
| مكان الناشر او الموزع | القاهرة: |
| اسم الناشر او الموزع | مركز القاهرة لدراسات حقوق الانسان ، 2006 |
| تاريخ النشر أو التوزيع | 2006 |
| 300 ## - الوصف المادى | |
| التعداد | 361 ص : |
| تفاصيل ماديه اخرى للوعاء | ايض ؛ |
| أبعاد الوعاء | 24 سم |
| 490 ## - بيان السلسلة | |
| -- | 16607 |
| عنوان السلسلة | مبادرات فكرية |
| -- | 28 |
| 504 ## - تبصرة ببليوجرافية | |
| تبصرة ببليوجرافية,الخ | يشتمل على إرجاعات ببليوجرافية |
| 650 ## - المدخل الاضافى بالموضوع-مصطلح موضوعى | |
| 9 (RLIN) | 13630 |
| مصطلح موضوعي أو اسم جغرافي كعنصر مدخل | الإسلام |
| التقسيم الفرعي العام | النظام السياسي في |
| التقسيم الفرعي الجغرافي | مصر |
| 650 ## - المدخل الاضافى بالموضوع-مصطلح موضوعى | |
| 9 (RLIN) | 13315 |
| مصطلح موضوعي أو اسم جغرافي كعنصر مدخل | الإسلام والديموقراطية |
| 942 ## - عناصر المدخل الإضافي( كوها) | |
| مصدر التصنيف او مخطط الترفيف | Dewey Decimal Classification |
| Koha [default] item type | Book - Borrowing |
| سابقة رقم الطلب | 297.2720962 ف ت ا |
| حالة التراجع | حالة الفقد | مصدر التصنيف او خطة الترفيف | حالة تلف | ليس للاعارة | المكان الدائم | المكان الحالي | موقع الترفيف | تاريخ الاكتساب | Source of acquisition | رقم الاستدعاء | الباركود | Date last seen | مُعار | نوع الوعاء |
|---|---|---|---|---|---|---|---|---|---|---|---|---|---|---|
| Dewey Decimal Classification | Central Library | Central Library | Lower Floor | 21/07/2010 | Purchase | 297.2720962 ف ت ا | 000020721 | 15/07/2025 | 17/01/2011 | Book - Borrowing |